000 01158cab a2200241 4500
001 L138871
008 070717n20070714xxk f 000 0 eng u
035 _a(Sirsi) u138871
041 0 _aeng
100 1 _aCahill, Julia
245 0 0 _aTop agents 2007
260 _c2007
490 0 _aEstates Gazette
_v(0728) 14 July 2007, 63-78(16)
520 _a"Estates Gazette's" annual agents table places Savills as the top agent in 2007, ranked by UK turnover. Whilst business at the UK's top agents has increased by 25% to £2.7bn since 2006, mid-size firms such as Donaldsons are struggling, and the gap between mid-size firms and the elite is widening. Tables include the top 72 agents ranked by UK turnover, the top 71 agents ranked by UK turnover per fee-earner, the top 10 European agents ranked by European turnover, and the top global agents ranked by worldwide turnover. Includes an article on niche investment agents.
590 _aKA NTK
650 2 4 _aEG TOP AGENTS TABLE
651 4 _aUnited Kingdom
_y
690 _aPROPERTY-PROPERTY AGENCY
700 1 _aBarnard, Lucy
700 1 _aClift, Patrick
700 1 _aLazarus, Darren
942 _n0
999 _c79018
_d79018